|
|
|
|
| LEADER |
00000nam0a2200000 4500 |
| 001 |
218098 |
| 005 |
20231101230153.0 |
| 010 |
|
|
|b 30000 экз.
|
| 035 |
|
|
|a (RuTPU)RU\TPU\book\238107
|
| 090 |
|
|
|a 218098
|
| 100 |
|
|
|a 20120614d1978 m y0rusy50 ca
|
| 101 |
0 |
|
|a rus
|
| 102 |
|
|
|a RU
|
| 105 |
|
|
|a a z 000zy
|
| 200 |
1 |
|
|a Большой Кремлевский дворец
|f Г. А. Маркова
|
| 205 |
|
|
|a 2-е изд., доп.
|
| 210 |
|
|
|a [Москва]
|c Московский рабочий
|d 1978
|
| 215 |
|
|
|a 143 с.
|c ил.
|d 11,5 см.
|
| 300 |
|
|
|a На обл. авт. не указан.
|
| 606 |
|
|
|a Кремлевский Дворец съездов
|2 stltpush
|3 (RuTPU)RU\TPU\subj\16142
|9 42318
|
| 610 |
1 |
|
|a Москва
|
| 610 |
1 |
|
|a Кремль
|
| 610 |
1 |
|
|a Московский Кремль
|
| 610 |
1 |
|
|a русская архитектура
|
| 610 |
1 |
|
|a архитектурные памятники
|
| 610 |
1 |
|
|a Большой Кремлевский дворец
|
| 610 |
1 |
|
|a 19 век
|
| 610 |
1 |
|
|a миниатюрные издания
|
| 675 |
|
|
|a 725.8
|v 3
|
| 700 |
|
1 |
|a Маркова
|b Г. А.
|g Галина Анатольевна
|
| 801 |
|
1 |
|a RU
|b 63413507
|c 20120614
|
| 801 |
|
2 |
|a RU
|b 63413507
|c 20180809
|g RCR
|
| 942 |
|
|
|c BK
|